000 00543nam a2200181Ia 4500
999 _c271
_d271
008 190805s9999||||xx |||||||||||||| ||und||
020 _a9788120342149
_cRs. 550.00
040 _aKO
082 0 4 _a658.049
_bC4246
_223
100 1 _aCherunilam, Francis
245 1 0 _aInternational Business: text and cases /
_cFrancis Cherunilam
250 _a5th ed.
260 _aDelhi :
_bPHI Learning,
_c2016
300 _axxii, 848 p.
_b :
_c; 23.5 cm.
650 0 _aInternational business enterprises
_xManagement
_vTextbooks
942 _cBK